Statistics for Bible Spices and Herbs

Click here to take the quiz!

General Stats

  • This quiz has been taken 340 times
  • The average score is 3 of 10

Answer Stats

SpicesAnswer% Correct
Job 6:6Salt
71%
Exodus 30:23Cinnamon
51%
Isaiah 28:25Cumin
37%
Luke 11:42Mint
36%
Number 11:5Garlic
34%
Matthew 23:23Dill
26%
Matthew 13:31Mustard
26%
Exocus 16:31Coriander
24%
Matthew 23:23Anise
17%
Luke 11:42Rue
7%

Score Distribution

Percentile by Number Answered

Percent of People with Each Score

Your Score History

You have not taken this quiz